Wortgemisch - Landeshauptstädte - Statistiken

Allgemein
  • Dieses Quiz wurde 127 mal gespielt
  • Das Durchschnittsergebnis liegt bei 15 aus 16
Antwortstatistiken
Landeshauptstadt % Korrekt
Bremen
100%
Stuttgart
100%
Dresden
99%
Kiel
99%
Mainz
99%
München
99%
Potsdam
97%
Berlin
96%
Düsseldorf
96%
Magdeburg
96%
Schwerin
96%
Hamburg
95%
Hannover
95%
Wiesbaden
93%
Saarbrücken
92%
Erfurt
91%
Keine übereinstimmenden Quizze gefunden
Verteilung der Resultate
Anzahl Personen mit jedem Resultat
Perzentil nach korrekt beantworteten Fragen
Ihre Resultats-Entwicklung
Sie haben dieses Quiz noch nicht gespielt